Entry Personal Name
Number of records used in: 1
001 - CONTROL NUMBER
003 - CONTROL NUMBER IDENTIFIER
005 - DATE AND TIME OF LATEST TRANSACTION
- control field:
20191118150239.0
008 - FIXED-LENGTH DATA ELEMENTS
- fixed length control field:
820315n| azannaabn |a aaa
010 ## - LIBRARY OF CONGRESS CONTROL NUMBER
- LC control number:
n 82013391
024 7# - OTHER STANDARD IDENTIFIER
- Standard number or code:
http://dbpedia.org/resource/RavindraKelekar
- Source of number or code:
uri
024 7# - OTHER STANDARD IDENTIFIER
- Standard number or code:
http://www.wikidata.org/entity/Q1388929
- Source of number or code:
uri
024 7# - OTHER STANDARD IDENTIFIER
- Standard number or code:
http://viaf.org/viaf/50561895
- Source of number or code:
uri
024 7# - OTHER STANDARD IDENTIFIER
- Standard number or code:
https://www.freebase.com/m/052lkl
- Source of number or code:
uri
024 7# - OTHER STANDARD IDENTIFIER
- Standard number or code:
http://id.worldcat.org/fast/86365
- Source of number or code:
uri
024 7# - OTHER STANDARD IDENTIFIER
- Standard number or code:
50561895
- Source of number or code:
viaf
035 ## - SYSTEM CONTROL NUMBER
- System control number:
(OCoLC)oca00710660
040 ## - CATALOGING SOURCE
- Original cataloging agency:
DLC
- Language of cataloging:
eng
- Description conventions:
rda
- Transcribing agency:
DLC
- Modifying agency:
DLC
- Modifying agency:
OCoLC
- Modifying agency:
DLC
- Modifying agency:
IEN
- Modifying agency:
DLC
- Modifying agency:
WaU
- Modifying agency:
DLC
046 ## - SPECIAL CODED DATES
- Birth date:
1925-03-07
- Death date:
2010-08-27
- Source of date scheme:
edtf
053 #0 - LC CLASSIFICATION NUMBER
- Classification number element--single number or beginning number of span:
PK2238.9.K37
100 1# - HEADING--PERSONAL NAME
- Personal name:
Kelekar, Ravindra
370 ## - ASSOCIATED PLACE
- Place of birth:
Cuncolim (India)
370 ## - ASSOCIATED PLACE
- Place of birth:
Goa (India : State)
- Place of death:
Madgaon (India)
- Associated country:
India
- Other associated place:
Goa (India : State)
- Source of term:
naf
372 ## - FIELD OF ACTIVITY
- Field of activity:
Literature
- Field of activity:
Essays
- Source of term:
lcsh
374 ## - OCCUPATION
- Occupation:
Authors
- Occupation:
Essayists
- Source of term:
lcsh
375 ## - GENDER
377 ## - ASSOCIATED LANGUAGE
- Language code:
kok
- Language code:
mar
- Language code:
hin
400 0# - SEE FROM TRACING--PERSONAL NAME
- Personal name:
Ravindra Kelekar
400 1# - SEE FROM TRACING--PERSONAL NAME
- Personal name:
Keḷekara, Ravindra
400 1# - SEE FROM TRACING--PERSONAL NAME
- Personal name:
Keḷekāra, Ravīndrabāba
670 ## - SOURCE DATA FOUND
- Source citation:
His A bibliography of Konkani literature in Devanagari, Roman and Kannada ... 1963.
670 ## - SOURCE DATA FOUND
- Source citation:
His Tuḷasī, 1971:
- Information found:
t.p. (Ravindra Keḷekara)
670 ## - SOURCE DATA FOUND
- Source citation:
His Mahābhārata, eka anusarjana, 1987:
- Information found:
jkt. (Ravīndrabāba Keḷekāra)
670 ## - SOURCE DATA FOUND
- Source citation:
Wikipedia, Aug. 30, 2010
- Information found:
(Ravindra Kelekar; b. Mar. 25, 1925, Cuncolim, Goa; d. Aug. 27, 2010, Margao, Goa; Indian writer in Konkani; also wrote in Marathi and Hindi)
670 ## - SOURCE DATA FOUND
- Source citation:
Kelekar, Ravindra. Kaleidoscope : Konkani essays, c2008:
- Information found:
title page (translated by Vidya Pai) p. 18 ("I am quite well known in Goa") p. 19 ("I am closely associated with many writers, not just Goans, but also those from other states")